"B" Capitals - World Map Sudden Death - Statistics

General Stats
  • This quiz has been taken 481 times
  • The average score is 5 of 13
Answers on the Grid
Answers color-coded by a green-red scale on the quiz's grid according to % correct below.
 
Answer Stats
Answer % Correct
Belgrade, Bern, Bratislava, Brussels, Bucharest, Budapest
62%
Basseterre, Belmopan, Bogota, Bridgetown
58%
Baghdad, Baku, Beirut
48%
Berlin
43%
Bamako, Bangui,
42%
Buenos Aires
38%
Brasilia
38%
Beijing
38%
Bangkok
34%
Brazzaville, Bloemfontein
26%
Banjul, Bissau
24%
Bishkek
22%
Bandar Seri Begawan
22%
No matching quizzes found
Score Distribution
Percent of People with Each Score
Percentile by Number Answered
Your Score History
You have not taken this quiz